Helsinki-Vantaa airport (HEL) destinations - Statistics

General Stats
  • This quiz has been taken 395 times
  • The average score is 73 of 168
Answer Stats
Airlines Destinations % Correct
Finnair, Norwegian Air Shuttle, Scandinavian Airlines Oslo
88%
Finnair, Norwegian Air Shuttle, Scandinavian Airlines Stockholm-Arlanda
88%
BRA Braathens Regional Airlines, Finnair Stockholm-Bromma
88%
Norwegian Air Shuttle London-Gatwick
87%
British Airways, Finnair London-Heathrow
87%
Aeroflot, Finnair Moscow
86%
Aegan Airlines, Finnair, Norwegian Air Shuttle Athens
85%
airBaltic, Finnair Riga
85%
easyJet, Finnair Berlin
83%
Finnair, Norwegian Air Shuttle, Scandinavian Airlines Copenhagen
83%
Finnair, Norwegian Air Shuttle Madrid
83%
Finnair New York
83%
Finnair, Japan Airlines Tokyo
83%
Finnair, KLM, Norwegian Air Shuttle, Transavia Amsterdam
82%
Finnair, Norwegian Air Shuttle, Vueling Barcelona
82%
Finnair Tallinn
82%
Finnair, Norwegian Air Shuttle Rome
81%
Finnair Paris-Charles de Gaulle
80%
Norwegian Air Shuttle Paris-Orly
80%
Finnair, Norwegian Air Shuttle Dublin
79%
Finnair, Lufthansa Frankfurt
79%
Finnair, Lufthansa Munich
79%
Turkish Airlines Istanbul
78%
Finnair, TAP Air Portugal Lisbon
78%
Finnair Milan
77%
Finnair St petersburg
77%
Finnair Beijing
76%
Czech Airlines, Finnair, Norwegian Air Shuttle Prague
76%
Croatia Airlines Zagreb
75%
Finnair Brussels
74%
Finnair, Norwegian Air Shuttle Dubai
74%
Finnair Shanghai
74%
Finnair Warsaw
74%
Finnair Manchester
73%
Finnair Vienna
73%
Ukraine International Airlines Kiev
72%
Finnair, Norwegian Air Shuttle Budapest
71%
Belavia, Finnair Minsk
71%
Finnair Vilnius
71%
Finnair Gothenburg
70%
Finnair Hamburg
70%
Finnair, Icelandair Reykjavik
70%
Blue Air Bucharest
69%
Finnair Zurich
69%
Finnair Edinburgh
68%
Finnair Delhi
67%
Finnair, Norwegian Air Shuttle Nice
66%
Finnair Seoul
66%
Finnair, Widerøe Bergen
65%
Finnair, Norwegian Air Shuttle Venice
64%
Finnair Bangkok
63%
Finnair Naples
63%
Finnair Osaka
63%
Finnair Chicago
62%
Qatar Airways Doha
62%
Finnair Hong Kong
62%
Finnair Singapore
62%
Finnair Miami
61%
Finnair, Norwegian Air Shuttle Oulu
61%
Finnair Turku
61%
Finnair Düsseldorf
60%
Finnair, Norwegian Air Shuttle Kraków
59%
Finnair, Norwegian Air Shuttle, Scandinavian Airlines Málaga
58%
Finnair Geneva
56%
Finnair, Norwegian Air Shuttle Rovaniemi
56%
Finnair Tel aviv
56%
Finnair Tampere
55%
Scandinavian Airlines Turin
53%
Finnair, Jet Time, Norwegian Air Shuttle, Thomas Cook Airlines, TUI fly Nordic Split
52%
Finnair, Jet Time, Norwegian Air Shuttle, Thomas Cook Airlines, TUI fly Nordic Palma de Mallorca
51%
Finnair, Norwegian Air Shuttle Dubrovnik
48%
Finnair Gdansk
48%
Corendon Airlines, Finnair, Freebird Airlines, Jet Time, SunExpress, TUI fly Nordic Antalya
46%
Finnair San francisco
45%
Finnair, Norwegian Air Shuttle Alicante
44%
Finnair, Jet Time, Norwegian Air Shuttle, Thomas Cook Airlines, TUI fly Nordic Gran Canaria
44%
Finnair Ljubljana
44%
Finnair, Jet Time, Thomas Cook Airlines Heraklion
43%
Finnair Stuttgart
43%
Novair, Thomas Cook Airlines, TUI Airways, TUI fly Nordic Sal
42%
Finnair, Jet Time, Norwegian Air Shuttle, Small Planet Airlines, Thomas Cook Airlines, TUI Airways, TUI fly Nordic Rhodes
41%
Widerøe Tromsø
41%
SunExpress Izmir
40%
Finnair, Jet Time Ibiza
39%
Finnair Guangzhou
38%
Finnair Kuopio
38%
Finnair, Norwegian Air Shuttle Kittilä
36%
Jet Time Tirana
36%
Finnair Vaasa
36%
Finnair Jyväskylä
35%
Finnair Malta
35%
Finnair, Thomas Cook Airlines, TUI Airways, TUI fly Nordic Phuket
35%
Finnair Innsbruck
34%
Finnair, Norwegian Air Shuttle Ivalo
34%
Finnair Joensuu
34%
Finnair, Jet Time, TUI fly Nordic Kos
34%
Norwegian Air Shuttle, Thomas Cook Airlines, TUI fly Nordic Larnaca
34%
Finnair Nagoya
32%
Finnair Billund
31%
Finnair, Jet Time, Norwegian Air Shuttle, Small Planet Airlines, Thomas Cook Airlines, TUI Airways, TUI fly Nordic Chania
31%
Finnair, Jet Time, Norwegian Air Shuttle, TUI fly Nordid Corfu
30%
Finnair, TUI fly Nordic Catania
29%
Finnair Kuusamo
29%
Finnair Pisa
29%
Finnair Xi'an
29%
Jet Time Faro
28%
Finnair Santorini
28%
Finnair Kokkola
27%
Finnair, Norwegian Air Shuttle, Thomas Cook Airlines Varna
27%
Finnair, Jet Time, Thomas Cook Airlines Funchal
26%
Finnair Kajaani
26%
Finnair Kemi
26%
Norwegian Air Shuttle Pristina
26%
Finnair, Jet Time, Novair Fuerteventura
25%
Finnair Ho Chi Minh City
25%
Finnair Verona
24%
Finnair Chongqing
23%
Finnair, Jet Time, TUI fly Nordic Lanzarote
23%
Norwegian Air Shuttle Marrakech
23%
Finnair, Jet Time, TUI fly Nordic Menorca
23%
Finnair Yekaterinburg
23%
Finnair Havana
22%
Jet Time, Thomas Cook Airlines Hurghada
22%
Finnair Kazan
22%
Finnair Umeå
22%
TUI Airways Cancún
21%
Finnair Mariehamn
21%
Finnair Murmansk
21%
Finnair Nanjing
20%
Finnair Tartu
20%
Finnair Astana
19%
BRA Braathens Regional Airlines, Finnair Visby
18%
Jet Time Bodrum
17%
Finnair Fukuoka
17%
Finnair Paphos
17%
Finnair, Norwegian Air Shuttle Pula
17%
Finnair Samara
16%
Finnair, Jet Time, TUI fly Nordic Zakynthos
16%
RAF-Avia Savonlinna
15%
Finnair, Jet Time Dalaman
14%
Finnair, TUI Airways, TUI fly Nordic Krabi
14%
Jet Time, Montenegro Airlines Tivat
14%
TUI Aurways Colombo
13%
Finnair Eilat
11%
Finnair Skiathos
11%
Finnair, Jet Time, Norwegian Air Shuttle, Thomas Cook Airlines, TUI fly Nordic Tenerife-south
11%
Jet Time La Palma
10%
Royal Jordanian Aqaba
9%
TUI fly Nordic Boa Vista
9%
Finnair, Jet Time Gazipasa
9%
Jet Time Marsa alam
8%
Nouvelair Tunisie Monastir
8%
TUI fly Nordic Samos
8%
Finnair, Thomas Cook Airlines Tenerife-north
8%
Finnair, Thomas Cook Airlines Preveza
7%
Tui fly Nordic Alghero
6%
TUI Airways Mauritius
6%
Finnair Rimini
6%
Finnair Puerto Vallarta
5%
Finnair Puerto Plata
4%
Thomas Cook Airlines Banjul
3%
Finnair Biarritz
3%
Finnair, Jet Time, Norwegian Air Shuttle, Thomas Cook Airlines, TUI fly Nordic Bourgas
3%
Jet Time Kavala
3%
Finnair, Jet Time Mytilene
2%
TUI Airways Phú Qûoc
2%
Finnair, Norwegian Air Shuttle, Scandinavian Airlines Saltzburg
1%
Finnair Vasco Da Gama
0%
No matching quizzes found
Score Distribution
Percent of People with Each Score
Percentile by Number Answered
Your Score History
You have not taken this quiz